00814nas a2200229Ia 4500001001600000003001000016008004100026040002500067041001300092100002400105210004300129222004300172245010100215250001100316260000900327501012300336300001600459362003100475500002900506650003800535700001100573A03/R027-50668 IT-MiCISF161014c99999999xx |||||||||||| ||und|| aIT-MiCISFcIT-MiCISF aITALIANO aPulvirenti Antonino aIl diritto di famiglia e delle persone aIl diritto di famiglia e delle persone 0aNote problematiche su alcuni profili procedimentali del delitto di "atti persecutori" (stalking) a1a ed. c2011 bCISF - Centro Internazionale Studi Famiglia - Via Giotto, 36 20145 MILANO (non commercial uses only)cCopyright 2016 app. 939-973 an. 2, aprile-giugno [2011] a Tema: stalking, diritto amaltrattamenti violenzavarticolo aAA.VV.